Jesús nuestra vida y nuestro rey: según el espíritu de San Juan Eudes
Gespeichert in:
| Format: | Buch |
|---|---|
| Sprache: | Spanisch |
| Veröffentlicht: |
Bogotá
Escuela de Tip. Salesiana
1925
|
| Ausgabe: | 1a. ed |
| Schlagworte: | |
| Tags: |
Tag hinzufügen
Keine Tags, Fügen Sie den ersten Tag hinzu!
|
MARC
| LEADER | 00000cam a2200000 a 4500 | ||
|---|---|---|---|
| 001 | UCD0421 | ||
| 003 | CL-VaPUC | ||
| 008 | 151127e19250000ck |||||||||||||||||spa|d | ||
| 082 | 0 | 4 | |a 232 |b JES |2 21 |
| 245 | 1 | 0 | |a Jesús nuestra vida y nuestro rey: según el espíritu de San Juan Eudes |
| 250 | |a 1a. ed | ||
| 300 | |a 401 p | ||
| 942 | |c BK | ||
| 945 | |d 20151127 13:45:00 |a gsalatino | ||
| 260 | |a Bogotá |b Escuela de Tip. Salesiana |c 1925 | ||
| 600 | 0 | |a Jesús |9 313614 | |
| 650 | 0 | |a Cristología |9 315091 | |
| 650 | 0 | |a Teología |9 258766 | |
| 650 | 0 | |a Espiritualidad |9 267331 | |
| 583 | |a last modification |c 20151127 13:45:00 |k Rodrigo Vera | ||
| 999 | |c 361960 |d 361958 | ||
| 952 | |0 0 |1 0 |3 erb |4 0 |6 232_000000000000000_JES_1925 |7 0 |8 P |9 472736 |a BIBTEO |b BIBTES |c TEO_FTES |i 5271878 |o 232 JES 1925 |p 5271878 |r 2024-01-18 |w 2019-11-24 |y BK |z Catalogado en:20151127 |k ICR | ||